| 000 | 01071cam a22003257a 4500 | ||
|---|---|---|---|
| 003 | CHAP | ||
| 005 | 20220329134422.0 | ||
| 008 | 971013c19731962 r 00010 d | ||
| 010 | _a20220 | ||
| 011 | _a21192 | ||
| 035 | _a25281 | ||
| 040 | _cCHAP | ||
| 082 |
_a001.6424 _bD5 |
||
| 100 | 0 | 0 |
_aDijkstra, E. W. _932580 |
| 245 | 1 | 2 | _aA primer of ALGOL 60 programming |
| 260 |
_aLondon : _bAcademic Press, _c1973 (c.1962) |
||
| 300 | _a114 p. | ||
| 490 | 0 |
_aA.P.I.C. studies in data processing _v; 2 |
|
| 590 |
_aBATCH-UPD _b10 _c20130110 _lUCH01 _h0314 |
||
| 590 |
_aBATCH-UPD _b10 _c20130110 _lUCH01 _h2232 |
||
| 590 |
_aBATCH-UPD _b10 _c20130410 _lUCH01 _h1527 |
||
| 590 |
_aBATCH-UPD _b10 _c20130914 _lUCH01 _h0108 |
||
| 590 |
_aCONVERSION _b10 _c20130109 _lUCH01 _h1312 |
||
| 650 | 1 | 4 |
_aALGOL (Programación) _94076 |
| 830 | 0 |
_aA.P.I.C. studies in data processing _v; 2 _9118 |
|
| 901 | _aBK | ||
| 942 | _cLIBRO | ||
| 949 |
_a001.6424 D5 _bBC _cLIBRO _d33724000290706 _eLIBRO _fc.2 _h33168 _i25281 _si |
||
| 949 |
_a001.6424 D5 _bBC _cLIBRO _d33724000290714 _eLIBRO _h33016 _i25281 _si |
||
| 999 |
_c20220 _d20220 |
||